Diseño de un sistema genérico de recorte de picos durante el período de máxima demanda con sincronización, utilizando generadores diesel
Gespeichert in:
| 1. Verfasser: | |
|---|---|
| Format: | Buch |
| Veröffentlicht: |
San José, C.R.
1998
|
| Schlagworte: | |
| Tags: |
Tag hinzufügen
Keine Tags, Fügen Sie den ersten Tag hinzu!
|
MARC
| LEADER | 00000nam a2200000Ia 4500 | ||
|---|---|---|---|
| 003 | 008489 | ||
| 005 | 20221231144223.0 | ||
| 008 | 140114s1998 cr a m 000 ||s d | ||
| 040 | |c cru CEDI | ||
| 090 | |a TFG 3859 | ||
| 100 | |a Chavarría Corella, Manuel |9 8260 | ||
| 245 | |a Diseño de un sistema genérico de recorte de picos durante el período de máxima demanda con sincronización, utilizando generadores diesel | ||
| 260 | |c 1998 |a San José, C.R. | ||
| 300 | |a viii, 82 hojas | ||
| 500 | |a Proyecto de graduación (bachillerato en ingeniería eléctrica)--Universidad de Costa Rica. Facultad de Ingeniería. Escuela de Ingeniería Eléctrica | ||
| 650 | |x CONSUMO DE ENERGIA |x ENERGIA ELECTRICA |x DISTRIBUCION DE ENERGIA ELECTRICA |9 9038 | ||
| 942 | |c TFG | ||
| 999 | |c 18645 |d 18645 | ||
